000 00645nam a2200277Ia 4500
005 20260324143916.0
008 008 260324s9999 xx 000 0 eng d
020 _a9781315836416
037 _aEBOOK
040 _aCRL
040 _beng
040 _cCRL
041 _2eng
041 _aeng
084 _qCRL
100 _aColin Jones
_9973616
245 4 _aThe Longman Companion to the French Revolution
260 _bTaylor and Francis
260 _c1990
365 _a
365 _b230
856 _uhttp://www.taylorfrancis.com/books/9781315836416
942 _cEBOOK
999 _c1823334
_d1823334